01196nas a2200337 4500001001300000003000900013005001700022007000300039008003400042040005400076041000900130072001300139100002100152100002800173100001900201100002100220100002300241100002100264245008900285650001200374650002500386650002100411650001700432650001400449773011100463856005200574909004000626942001800666999001900684952015500703BR2014003343BR-BrBNA20231205124046.0ta230509b bl.|||p| |||| 00| 00por d aBR-BrBNAbporcBiblioteca Nacional de Agricultura a(Pt) aP34; F041 aFreire, J. de L.1 aDubeux Júnior, J.C.B.1 aLira, M. de A.1 aFerreira, R.L.C.1 aSantos, M.V.F. dos1 aFreitas, E.V. de1 aDecomposição de serrapilheira em bosque de sabiá na Zona da Mata de Pernambuco aSABIÁ aÁRVORE ANGIOSPERMA aDECOMPOSIÇÃO aSERAPILHEIRA aNUTRIENTE0 tRevista Brasileira de Zootecnia (Brazil)xISSN 1806-9290 g(Aug 2010), v. 39(8) p. 1659-1665wBR201400334340uhttp://www.scielo.br/pdf/rbz/v39n8/v39n8a06.pdf a202311bLúciac55dLúcia Elande 2AGRISn0cANA c237093d237093 002AGRIS4071a41918b41918cPeriódicos Agrícolash(Aug 2010), v. 39(8) p. 1659-1665l0r2023-11-29t01yCRePortaria Interministerial nº 164/94